LEADER 04111nam 22006495 450 001 9910986139703321 005 20250310115244.0 010 $a9783031827143 010 $a3031827147 024 7 $a10.1007/978-3-031-82714-3 035 $a(CKB)37817227300041 035 $a(MiAaPQ)EBC31955449 035 $a(Au-PeEL)EBL31955449 035 $a(DE-He213)978-3-031-82714-3 035 $a(OCoLC)1512318531 035 $a(EXLCZ)9937817227300041 100 $a20250310d2025 u| 0 101 0 $aeng 135 $aur||||||||||| 181 $ctxt$2rdacontent 182 $cc$2rdamedia 183 $acr$2rdacarrier 200 10$aClimate Crisis and Resilient Transportation Systems $eProceedings of the 7th Conference on Sustainable Mobility, CSuM2024, September 4?6, 2024, Plastira?s Lake, Greece - Volume II: Inclusive Mobility, Land-Use Planning, and Climate Transition Strategies /$fedited by Eftihia G. Nathanail, Nikolaos Gavanas, Evangelos Adamos 205 $a1st ed. 2025. 210 1$aCham :$cSpringer Nature Switzerland :$cImprint: Springer,$d2025. 215 $a1 online resource (906 pages) 225 1 $aLecture Notes in Intelligent Transportation and Infrastructure,$x2523-3459 311 08$a9783031827136 311 08$a3031827139 327 $aBenefits and Impacts of Complete Streets -- Sustainable Urban Mobility Plans in Serbia Where we are and Where we Plan to Go -- Public Engagement for Sustainable Mobility Policy Design insights from West Midlands, UK -- Measuring the accessibility and connectivity of the University of Thessaly campuses in Volos -- The Impact of Different Game Dynamics on Sustainable Urban Mobility in Corporate Environments -- The 15 minute city concept as a solution to urban sustainable mobility -- Benefits from Bicycling and Pedestrian Infrastructure Improvements -- Analysis of the Bicycle Lane Network of a medium sized Greek city Case study Larissa -- Low Stress Cycling Route Network Design with Bicycle Accessibility Evaluation -- Enhancing Pedestrian and Cyclist Safety in African Cities through Living Labs An Integrative Analysis -- Determining Service Quality factors for Onboard Bicycling to promote effective Bicycle Metro integration -- Targeting change for active travel -- Analysis of Temporal and Spatial Patterns of Shared E scooter Trips and their Impacts on Traffic Operations in Birmingham AL. 330 $aThis book reports on original research and practical findings fostering collaborative, inclusive, just, safe and climate neutral transportation planning. Being the second volume of the proceedings of the 7th Conference on Sustainable Mobility (CSuM 2024), held on September 4?6, 2024, at Plastira?s Lake, Greece, it describes state-of-the-art models, techniques, and applications that enable the transition of transportation systems to support sustainable societies. All in all, this book offers extensive information to academicians, researchers, practitioners and decision makers working on effective strategies to transform mobility in a sustainable and equitable way. . 410 0$aLecture Notes in Intelligent Transportation and Infrastructure,$x2523-3459 606 $aTransportation engineering 606 $aTraffic engineering 606 $aSustainability 606 $aAge distribution (Demography) 606 $aTransportation Technology and Traffic Engineering 606 $aSustainability 606 $aAging Population 615 0$aTransportation engineering. 615 0$aTraffic engineering. 615 0$aSustainability. 615 0$aAge distribution (Demography) 615 14$aTransportation Technology and Traffic Engineering. 615 24$aSustainability. 615 24$aAging Population. 676 $a629.04 700 $aNathanail$b Eftihia G$01790988 701 $aGavanas$b Nikolaos$01790989 701 $aAdamos$b Evangelos$01790990 801 0$bMiAaPQ 801 1$bMiAaPQ 801 2$bMiAaPQ 906 $aBOOK 912 $a9910986139703321 996 $aClimate Crisis and Resilient Transportation Systems$94327846 997 $aUNINA